17 bunga hiasan dari stoking

Bibliographic Details
Main Author: Liliana Tiena Yustika
Format: Book
Published: KL : Synergy Media , [s.n]
Series:Siri bunga artifisial
Subjects:

MARC

LEADER 00000cam a2200000 7i4500
001 0000037080
005 20130815.0
008 130815
020 |a 9673713745 
090 0 0 |a 746.436   |b LIL 
100 0 |a Liliana Tiena Yustika 
245 1 0 |a 17 bunga hiasan dari stoking   |c Liliana Tiena Yustika 
260 |a KL :   |b Synergy Media ,   |c [s.n] 
440 |a Siri bunga artifisial 
650 0 |a Tatting 
999 |a 0001235220   |b Book   |c Adult Collection   |e Cawangan Bandar Penawar 
999 |a 0001235221   |b Book   |c Adult Collection   |e Cawangan Segamat 
999 |a 0001235222   |b Book   |c Adult Collection   |e Cawangan Mersing 
999 |a 0001235223   |b Book   |c Adult Collection   |e Cawangan Tangkak 
999 |a 0001235224   |b Book   |c Adult Collection   |e Cawangan Bukit Gambir 
999 |a 0001235225   |b Book   |c Adult Collection   |e Cawangan Muar 
999 |a 0001235228   |b Book   |c Adult Collection   |e Cawangan Bandar Tenggara 
999 |a 0001235230   |b Book   |c Adult Collection   |e Cawangan Pontian 
999 |a 0001235231   |b Book   |c Adult Collection   |e Cawangan Tmn. Ungku Tun Aminah 
999 |a 0001239199   |b Book   |c Adult Collection   |e Perbadanan Perpustakaan Awam Johor 
999 |a 0001239200   |b Book   |c Adult Collection   |e Perbadanan Perpustakaan Awam Johor 
999 |a 0001239201   |b Book   |c Adult Collection   |e Perbadanan Perpustakaan Awam Johor